| 000 | 00421nam a2200145 i 4500 | ||
|---|---|---|---|
| 001 | 49861 | ||
| 003 | ES-MaACL | ||
| 007 | t| | ||
| 008 | 030724s1921 xxk ||||1| eng d | ||
| 100 | 1 |
_aCraig, Edward Gordon. _941426 |
|
| 245 | 1 | 4 |
_aThe theatre advancing / _cEdward Gordon Craig. |
| 260 |
_aLondon : _b[Charles Whittingham and Griggs, ltd.], _c1921. |
||
| 300 |
_aLXXXVIII, 390 p. ; _c24 cm. |
||
| 852 |
_aES-MaACL _jC-832 |
||
| 999 |
_c49861 _d49861 |
||